000 00491nam a2200193Ia 4500
005 20250508150526.0
008 008 250505s9999 xx 000 0 eng d
020 _a81-7169-411-X (Set)
037 _aReference
040 _aFEDL
_beng
_cFEDL
041 _aeng
_2eng
084 _a371, SHA
_qFEDL
100 _aSharma J R
_9711073
245 0 _aPrincipal of physical education
260 _c1937
300 _a208p
942 _cREF
_h371, SHA
999 _c1324079
_d1324079